Responses for Show #8086 - Monday, November 4, 2019

2019 Tournament of Champions quarterfinal game 1.

Contestants

[<< previous game]

Gilbert Collins, a university administrator from Princeton, New Jersey

Anneke Garcia, an instructional design consultant from Salt Lake City, Utah

Kyle Jones, a music teacher from Aurora, Colorado

[next game >>]

Jeopardy! Round responses

I APPOINTED THAT SUPREME COURT JUSTICE
HOMOPHONES
SAY YES TO THE CHESS
POETS & POETRY
AUTO FILL
THE HARVARD LAMPOON
(Alex: A visit to [*], a college institution that has helped shape American humor.)
    $200 28
Washington

Kyle
    $200 23
waste/waist

Kyle
    $200 24
a king

Gilbert
    $200 18
a nightingale

Kyle
    $200 27
Mitsubishi

Gilbert
    $200 30
(Alex: I want to thank the folks at the Harvard Lampoon for making my visit there so very enjoyable. Had a lot of fun.)

Conan O'Brien

Anneke
    $400 25
Obama

Anneke
    $400 22
suite/sweet

Anneke
    $400 20
the endgame

Kyle
    $400 17
poet laureate

Gilbert
    $400 26
Honda

Gilbert
    $400 29
Animal House

Kyle
    $1,800 9
Clinton

Gilbert
    $600 21
compliment/complement

Anneke
    $600 19
32

Gilbert
    $600 16
(Emily) Dickinson

Gilbert
    $600 15
Toyota

Gilbert
    $600 12
Kermit

Kyle
    $800 8
Richard Nixon

Triple Stumper
    $800 3
taut/taught

Gilbert
    $800 6
(Kyle: What is a queen?)

a pawn

Kyle
Triple Stumper
    $800 5
(Ogden) Nash

Kyle
    $800 14
(Kyle: Who is Audi?)

Infiniti

KyleAnneke
    $800 11
the Top 10 List

Gilbert
    $1000 7
Reagan

Gilbert
    $1000 1
(Alex: Tough when you start with the more expensive clues.)
(Kyle: YES TO THE CHESS $1,000.)
(Alex: All right.)
[Laughter]

rood/rude

Triple Stumper
    $1000 2
the white knight

Triple Stumper
    $1000 4
(John) Donne

Anneke
    $1000 13
the Hyundai

Triple Stumper
    $1000 10
Colin Jost

Triple Stumper

Scores at the first commercial break (after clue 15):

Kyle Anneke Gilbert
-$200 $1,800 $5,000

Scores at the end of the Jeopardy! Round:

Kyle Anneke Gilbert
$1,200 $3,400 $7,400

Double Jeopardy! Round responses

OPERA & BALLET
ALLITERATION ON THE MAP
HARDPODGE
ABBREV. & ACRONYMS
TO THE STARS
THE PARTY OF THE SECOND PART
(Alex: You have to name the actor who played the second listed title role.)
    $400 5
(Alex: You've found your category.)
(Kyle: Yeah. Now it's gone.)
[Laughter]

Frankenstein

Kyle
    $400 24
Mount McKinley

Gilbert
    $400 27
the Hanseatic League

Anneke
    $400 26
POTUS

Kyle
    $400 25
(Gilbert: What are lasers?)

nuclear weapons

KyleGilbert
    $400 16
(Anneke: Who is... I know her name.)

Lily Tomlin

KyleAnneke
    $800 4
Tristan and Isolde

Kyle
    $800 10
South Sudan

Anneke
    $800 23
trussed

Kyle
    $800 22
in case you missed it

Kyle
    $800 20
(Gilbert: Who was Goddard?)

Wernher von Braun

Gilbert
Triple Stumper
    $800 18
Thomas Gibson

Triple Stumper
    $1200 3
La Traviata

Kyle
    $1200 8
Baffin Bay

Kyle
    $1200 11
Tom Wolfe

Triple Stumper
    $1200 21
name, image and likeness

Gilbert
    $1200 19
a cosmonaut

Gilbert
    $1200 28
Scott Baio

Kyle
    $2,000 2
The Magic Flute

Kyle
    $1600 7
Hamburger Hill

Triple Stumper
    $1600 17
a Dobro

Anneke
    $1600 12
search engine optimization

Anneke
    $1600 13
Falcon Heavy

Kyle
    $1600 29
Sasha Alexander

Triple Stumper
    $2000 1
Giselle

Triple Stumper
    $4,000 9
(Kyle: What is...)

Cape Colony

Kyle
    $2000 6
Hephaestus

Anneke
    $2000 15
Becquerel

Triple Stumper
    $2000 14
(Anneke: What is Guiana?)
(Alex: Be more specific.)

French Guiana

Anneke
    $2000 30
Pam Dawber

Triple Stumper

Scores at the end of the Double Jeopardy! Round:

Kyle Anneke Gilbert
$8,400 $11,400 $9,000

Final Jeopardy! Round responses

ANCIENT HISTORY
KyleWhat is Marathon?
$8,400
GilbertWhat is Marathon?
$7,801
AnnekeWhat is Justice for Barb!
$6,601
the Battle of Marathon

Final scores:

Kyle Anneke Gilbert
$16,800 $4,799 $16,801
2nd place: $5,000 if eliminated 3rd place: $5,000 if eliminated Automatic semifinalist

Game dynamics:

Coryat scores:

Kyle Anneke Gilbert
$12,000 $11,400 $7,800
19 R
(including 1 DD),
3 W
(including 1 DD)
12 R,
1 W
14 R
(including 1 DD),
2 W

Combined Coryat: $31,200

[game clues] [game scores] [suggest correction]

Game tape date: 2019-09-17
The J! Archive is created by fans, for fans. Scraping, republication, monetization, and malicious use prohibited; this site may use cookies and collect identifying information. See terms. The Jeopardy! game show and all elements thereof, including but not limited to copyright and trademark thereto, are the property of Jeopardy Productions, Inc. and are protected under law. This website is not affiliated with, sponsored by, or operated by Jeopardy Productions, Inc. Join the discussion at JBoard.tv.